Histoire(s) d'eau (notice n° 9072)

détails MARC
000 -Label
leader 00745nam a2200217 4500
010 ## - ISBN
ISBN 978-9938-01-49-1
099 ## - Informations locales
Type de document Livre
100 ## - Données générales de traitement
a 20251016d u||y0frey5050 ba
101 ## - Langue
langue document français
102 ## - Pays d'édition ou de production
pays d'édition Tunisie
200 ## - Titre
titre propre Histoire(s) d'eau
type de document Livre
sous-titre En Tunisie et ailleurs
auteur Mustapha Tlili
-- Jamel Ben Tahar
210 ## - Editeur
lieu de publication Tunis
nom de l'éditeur Arabesque
date de publication 2011
215 ## - Description
Importance matérielle 171 p.
autres carac. Couv.Coul.
format 23.5 x 15
606 ## - sujets
sujet Usage de l'eau au Maghreb
subdiv. sujet L'eau dans les croyances et les pratiques sociales
-- Politiques de l'eau
subdiv. géo. Tunisie
-- Algérie
koha internal code 24125
607 ## - sujets
sujet Maghreb
subdiv. sujet Hydrologie
koha internal code 24126
701 ## - coauteur
code de fonction Directeur de la recherche
nom Tlili
prénom Mustapha
koha internal code 24127
701 ## - coauteur
code de fonction Directeur de la recherche
nom Ben Tahar
prénom Jamel
koha internal code 24128
801 ## - source de catalogage
pays TN
agence de catalogage 32BIS
date de la transaction 20251016
règles de catalogage utilisées UNIMARC
830 ## - note
catalogeur ABA
Exemplaires
Propriétaire Dépositaire Localisation Code barre Numéro Inventaire Cote Note Statut
The 32bis Library The 32bis Library Salle de lecture 32BIS 006814 6742 574.56 TLI Dépôt MAB Consultable sur place
32 bis, rue Ben Ghedhahem 1000 Tunis - Tunisie www.32bis.org
Contact : mediatheque@32bis.org